Rezolucija zo zacidanja Svitovoj rady Rusyniv 28. maja 2006 u pol'skij Krynycji

Bibliographic Details
Format: Article
Language:Ukrainian
Subjects:

MARC

LEADER 00000nab a2200000 a 4500
001 vtls008854995
003 SK-MaSNL
005 20260318115138.0
008 061016c2006 xo jr p 000 c0ukr
015 |a SNBRB2006/10 
038 |a SVKPOCL 
040 |a SVKPO  |b slo  |c SVKPO  |e AACR2 
041 0 |a ukr 
044 |a xo  |c SK 
080 |a 316.022.4(=161)(100):061.2:061.3  |2 2001 
080 |a 061.2  |2 2001 
080 |a 061.3  |2 2001 
245 0 0 |a Rezolucija zo zacidanja Svitovoj rady Rusyniv 28. maja 2006 u pol'skij Krynycji 
610 2 7 |a Svetová rada Rusínov  |2 svkpocl  |9 1061689 
650 0 7 |a Rusíni  |2 svkpocl  |9 4087 
651 7 |a Krynica-Zdrój (Poľsko)  |2 svkpocl  |9 36804 
655 7 |a uznesenia  |2 svkpocl  |9 70216 
773 0 |t Narodny novynky  |g Roč. XVI, č. 22-26 (2006), s. 2 
852 |a SVKPO  |b KIS3GCP 
856 4 1 |a http://narodny-novynky.presov.sk 
958 |a RN 
958 |a PL 
958 |a SK 
999 |c 3344670  |d 3346600